<?xml version="1.0" encoding="UTF-8"?>
<collection xmlns="http://www.loc.gov/MARC21/slim">
 <record>
  <leader>02716ngm a2200589Ia 4500</leader>
  <controlfield tag="001">AAL9383</controlfield>
  <controlfield tag="005">20171104155508.0</controlfield>
  <controlfield tag="007">vd cvaizs</controlfield>
  <controlfield tag="008">171104p20022001ii 115 g          vleng d</controlfield>
  <datafield tag="999" ind1=" " ind2=" ">
   <subfield code="c">38504</subfield>
   <subfield code="d">38504</subfield>
  </datafield>
  <datafield tag="020" ind1=" " ind2=" ">
   <subfield code="a">0783271301</subfield>
  </datafield>
  <datafield tag="024" ind1="1" ind2="0">
   <subfield code="a">025192228421</subfield>
  </datafield>
  <datafield tag="040" ind1=" " ind2=" ">
   <subfield code="a">GEC</subfield>
   <subfield code="c">GEC</subfield>
   <subfield code="d">JED</subfield>
   <subfield code="d">NIC</subfield>
   <subfield code="d">BD-DhAAL</subfield>
  </datafield>
  <datafield tag="082" ind1=" " ind2=" ">
   <subfield code="a">791.4372</subfield>
  </datafield>
  <datafield tag="245" ind1="0" ind2="0">
   <subfield code="a">Monsoon wedding</subfield>
   <subfield code="h">[videorecording] /</subfield>
   <subfield code="c">a USA Films release ; IFC Productions presents in association with Key Films, Pandora Films and Paradis Films a Mirabai Films production of a Mira Nair film ; produced by Caroline Baron, Mira Nair ; written by Sabrina Dhawan ; directed by Mira Nair.</subfield>
  </datafield>
  <datafield tag="250" ind1=" " ind2=" ">
   <subfield code="a">Widescreen version.</subfield>
  </datafield>
  <datafield tag="260" ind1=" " ind2=" ">
   <subfield code="a">Universal City, CA :</subfield>
   <subfield code="b">Universal,</subfield>
   <subfield code="c">c2002.</subfield>
  </datafield>
  <datafield tag="300" ind1=" " ind2=" ">
   <subfield code="a">1 videodisc (115 min.) :</subfield>
   <subfield code="b">sd., col. ;</subfield>
   <subfield code="c">4 3/4 in.</subfield>
  </datafield>
  <datafield tag="500" ind1=" " ind2=" ">
   <subfield code="a">Special features: the making of &quot;Monsoon wedding&quot;; feature commentary with Mira Nair.</subfield>
  </datafield>
  <datafield tag="511" ind1="1" ind2=" ">
   <subfield code="a">Naseeruddin Shah, Lillete Dubey, Shefali Shetty, Vijay Raaz, Tilotama Shome, Vasundhara Das, Kulbhushan Kharbanda.</subfield>
  </datafield>
  <datafield tag="520" ind1=" " ind2=" ">
   <subfield code="a">Shot in New Delhi in 30 days, this film about a Punjabi wedding brings out all the frenzy and frolic, the loyalties, filial bonds and friendships, along with skeletons in the cupboard associated with such family events.</subfield>
  </datafield>
  <datafield tag="521" ind1="8" ind2=" ">
   <subfield code="a">MPAA rating: R.</subfield>
  </datafield>
  <datafield tag="538" ind1=" " ind2=" ">
   <subfield code="a">DVD, 5.1 Dolby digital surround.</subfield>
  </datafield>
  <datafield tag="546" ind1=" " ind2=" ">
   <subfield code="a">English, Hindi and Punjabi dialogue with English, Spanish, or French subtitles.</subfield>
  </datafield>
  <datafield tag="546" ind1=" " ind2=" ">
   <subfield code="a">Closed-captioned for the hearing impaired.</subfield>
  </datafield>
  <datafield tag="650" ind1=" " ind2="0">
   <subfield code="a">Comedy films.</subfield>
   <subfield code="9">23231</subfield>
  </datafield>
  <datafield tag="650" ind1=" " ind2="0">
   <subfield code="a">Feature films.</subfield>
   <subfield code="9">23232</subfield>
  </datafield>
  <datafield tag="650" ind1=" " ind2="0">
   <subfield code="a">Foreign films</subfield>
   <subfield code="z">India.</subfield>
   <subfield code="9">23233</subfield>
  </datafield>
  <datafield tag="650" ind1=" " ind2="0">
   <subfield code="a">Films for the hearing impaired.</subfield>
   <subfield code="9">23234</subfield>
  </datafield>
  <datafield tag="650" ind1=" " ind2="7">
   <subfield code="a">Comedy films</subfield>
   <subfield code="2">fast</subfield>
   <subfield code="9">23231</subfield>
  </datafield>
  <datafield tag="650" ind1=" " ind2="7">
   <subfield code="a">Feature films</subfield>
   <subfield code="2">fast</subfield>
   <subfield code="9">23232</subfield>
  </datafield>
  <datafield tag="650" ind1=" " ind2="7">
   <subfield code="a">Films for the hearing impaired</subfield>
   <subfield code="2">fast</subfield>
   <subfield code="9">23234</subfield>
  </datafield>
  <datafield tag="650" ind1=" " ind2="7">
   <subfield code="a">Foreign films</subfield>
   <subfield code="2">fast</subfield>
   <subfield code="9">23235</subfield>
  </datafield>
  <datafield tag="651" ind1=" " ind2="7">
   <subfield code="a">India</subfield>
   <subfield code="2">fast</subfield>
   <subfield code="9">23236</subfield>
  </datafield>
  <datafield tag="700" ind1="1" ind2=" ">
   <subfield code="a">Nair, Mira.</subfield>
   <subfield code="9">23237</subfield>
  </datafield>
  <datafield tag="700" ind1="1" ind2=" ">
   <subfield code="a">Baron, Caroline.</subfield>
   <subfield code="9">23238</subfield>
  </datafield>
  <datafield tag="700" ind1="1" ind2=" ">
   <subfield code="a">Dhawan, Sabrina.</subfield>
   <subfield code="9">23239</subfield>
  </datafield>
  <datafield tag="700" ind1="1" ind2=" ">
   <subfield code="a">Shah, Naseeruddin.</subfield>
   <subfield code="9">23240</subfield>
  </datafield>
  <datafield tag="700" ind1="1" ind2=" ">
   <subfield code="a">Dubey, Lillete.</subfield>
   <subfield code="9">23241</subfield>
  </datafield>
  <datafield tag="700" ind1="1" ind2=" ">
   <subfield code="a">Shetty, Shefali.</subfield>
   <subfield code="9">23242</subfield>
  </datafield>
  <datafield tag="700" ind1="1" ind2=" ">
   <subfield code="a">Raaz, Vijay.</subfield>
   <subfield code="9">23243</subfield>
  </datafield>
  <datafield tag="700" ind1="1" ind2=" ">
   <subfield code="a">Shome, Tillotama.</subfield>
   <subfield code="9">23244</subfield>
  </datafield>
  <datafield tag="700" ind1="1" ind2=" ">
   <subfield code="a">Das, Vasundhara.</subfield>
   <subfield code="9">23245</subfield>
  </datafield>
  <datafield tag="700" ind1="1" ind2=" ">
   <subfield code="a">Kharbanda, Kulbhusan.</subfield>
   <subfield code="9">23246</subfield>
  </datafield>
  <datafield tag="710" ind1="2" ind2=" ">
   <subfield code="a">USA Films (Firm)</subfield>
   <subfield code="9">23247</subfield>
  </datafield>
  <datafield tag="710" ind1="2" ind2=" ">
   <subfield code="a">IFC Productions (Firm)</subfield>
   <subfield code="9">23248</subfield>
  </datafield>
  <datafield tag="710" ind1="2" ind2=" ">
   <subfield code="a">Key Films (Firm)</subfield>
   <subfield code="9">23249</subfield>
  </datafield>
  <datafield tag="710" ind1="2" ind2=" ">
   <subfield code="a">Pandora Film (Firm)</subfield>
   <subfield code="9">23250</subfield>
  </datafield>
  <datafield tag="710" ind1="2" ind2=" ">
   <subfield code="a">Paradis film (Firm)</subfield>
   <subfield code="9">23251</subfield>
  </datafield>
  <datafield tag="710" ind1="2" ind2=" ">
   <subfield code="a">Mirabai Films (Firm)</subfield>
   <subfield code="9">23252</subfield>
  </datafield>
  <datafield tag="942" ind1=" " ind2=" ">
   <subfield code="2">ddc</subfield>
   <subfield code="c">AV</subfield>
  </datafield>
  <datafield tag="952" ind1=" " ind2=" ">
   <subfield code="0">0</subfield>
   <subfield code="1">0</subfield>
   <subfield code="2">ddc</subfield>
   <subfield code="4">0</subfield>
   <subfield code="6">791_437200000000000_MON</subfield>
   <subfield code="7">0</subfield>
   <subfield code="9">61740</subfield>
   <subfield code="a">SCL</subfield>
   <subfield code="b">SCL</subfield>
   <subfield code="c">AV</subfield>
   <subfield code="d">2017-11-04</subfield>
   <subfield code="g">70.00</subfield>
   <subfield code="l">1</subfield>
   <subfield code="o">791.4372 MON</subfield>
   <subfield code="p">4020009383</subfield>
   <subfield code="r">2017-11-06</subfield>
   <subfield code="s">2017-11-06</subfield>
   <subfield code="t">1</subfield>
   <subfield code="w">2017-11-04</subfield>
   <subfield code="y">AV</subfield>
  </datafield>
 </record>
</collection>
